00752nam a22002177a 450000100060000000300090000600500170001500800410003202000150007302000180008804000280010608200220013410000130015624500790016925000130024826000510026130000300031250001130034265000570045570000220051214214BD-DhUAP20200204165428.0200204r20091969enk 001 0 eng  a818038019X a9788180380198 aDLCcDLCdBD-DhUAPbEng00223a347.9942 MAX  aMaxwell.10aMaxwell on the interpretation of statutes / cMaxwell and P. St J. Langan. a12th ed. aIndia :bLexis Nexis,cc1969 [Reprinted 2009]. axci, 391 pages ; c23 cm. aAppendix (p. 347-375): Interpretation act 1889. Interpretation measure 1925. Statutory instruments act 1946. 0aLawzGreat BritainxInterpretation and construction. aLangan, P. St J.